000 003120000a22001450004500
003 MACL
040 _aMACL
090 _c43132
_d43130
100 _aVasisht, Medha
245 _aCounselling and Psychotherapy
260 _bAuthors Press
_c2008
350 _a175
650 _aPsychology
942 _cBOOK
_k150/VAS
999 _c42677
_d42677